Musa'nın çocukları (Record no. 10652)

MARC details
000 -BAŞLIK
Sabit Uzunlukta Kontrol Alanı 00963na a2200313 4500
001 - KONTROL NUMARASI
Denetim Alanı 24090
003 - KONTROL NUMARASI IDENTIFIER
Denetim Alanı MIRAKIL
005 - SON İŞLEM TARİHİ VE ZAMANI
Denetim Alanı 20181213155329.0
008 - SABİT-BOY VERİ ELEMANLARI - GENEL BİLGİLER
Sabit Uzunlukta Kontrol Alanı 180321b tu 000 0
020 ## - ULUSLARARASI STANDART KİTAP NUMARASI
Uluslararası Standart Kitap Numarası 9789944337076
040 ## - KATALOGLAMA KAYNAK
Orijinal Kataloglama Ajansı Milas
Kataloglama Dili tur
Metne Dönüştürmek Ajansı TR-AnCHP
041 ## - DİL KODU
Metin / Ses Parça Veya Ayrı Başlığın Dil Kodu tur
082 ## - DEWEY ONLU SINIFLANDIRMA NUMARASI
Sınıflandırma Numarası 923.156
Ürün Numarası P69m 2007
090 ## - SINIFLAMA NUMARASI
Sınıflama Numarası 923.156 P69m 2007
100 ## - ANA GİRİŞ - KİŞİSEL İSİM
Kişisel Ad Poyraz, Ergün
245 ## - BAŞLIK TABLOSU
Başlık Musa'nın çocukları
Başlığın Kalan Tayyip ve Emine
Sorumluluk Tablosu, Vb Ergün Poyraz
246 ## - UNVAN FORM VARYING
Başlık Doğru / Kısa Başlığı Tayyip ve Emine
250 ## - EDITION TABLOSU
Baskı Beyanı 16. bs
260 ## - YAYIN, DAĞITIM, VB
Yayın, Dağıtım, Vb Yeri İstanbul
Yayıncı, Dağıtıcı, Vs Adı Togan Yayıncılık
Yayın, Dağıtım, Vb Tarihi 2007
Üretici Firma Çalış ofset
300 ## - FİZİKSEL TANIM
Kapsam 333 s.
Boyutlar 21 sm.
440 ## - SERİSİ TABLOSU / KATMA GİRİŞİ - BAŞLIK
Başlık Togan yayınları
Hacim / Ardışık Tanımı 07
490 ## - SERİSİ TABLOSU
Seri Beyanı Araştırma İnceleme
Hacim / Ardışık Tanımı 07
600 ## - KONU KATMA GİRİŞ - KURUMSAL ADI
Kişisel Ad Erdoğan, Recep Tayyip
Başlıklar Ve Bir Adla İlişkili Diğer Kelimeler Cumhurbaşkanı
Bir Adıyla İlişkilendirilen Tarihler 1954-
Genel Alt Bölümü Yaşamöyküsü
600 ## - KONU KATMA GİRİŞ - KURUMSAL ADI
Kişisel Ad Erdoğan, Emine
Bir Adıyla İlişkilendirilen Tarihler 1955-
Genel Alt Bölümü Yaşamöyküsü
650 ## - KONU KATMA GİRİŞ - TOPİKAL DÖNEM
Topikal Süreli Veya Coğrafi Ad Giriş Elemanı Siyasetçiler
Genel Alt Bölümü Yaşamöyküsü
-- Türkiye
650 ## - KONU KATMA GİRİŞ - TOPİKAL DÖNEM
Topikal Süreli Veya Coğrafi Ad Giriş Elemanı Siyaset ve yönetim
Genel Alt Bölümü Türkiye
740 ## - KATMA GİRİŞ - KONTROLSUZ İLGİLİ / ANALİTİK BAŞLIK
Kontrol Edilmeyen / İlgili Analitik Başlıktaki Tayyip ve Emine
942 ## - EKLENDİ GİRİŞ ELEMANLARI (KOHA)
Sınıflandırma Veya Raf Düzeni Kaynak
Koha Öğesi Türü Books
999 ## - SİSTEM KONTROL NUMARALARI (KOHA)
Koha Biblionumber 10652
Koha Biblioitemnumber 10652
Holdings
Kalıcı Konum Mevcut Konum Edinme Tarihi Edinim Kaynak Toplam Check-Out'Lar Tam Çağrı Numarası Barkod Tarih Son Görülme Tarihi Geçen Teslim İtibaren Geçerli Fiyatlar Koha Öğesi Türü
CHP Kütüphanesi CHP Kütüphanesi 03/21/2018 Bağış 1 923.156 P69m 2007 018121 09/29/2020 09/14/2020 03/21/2018 Books